| 000 | 00384 a2200145 4500 | ||
|---|---|---|---|
| 001 | 170528 | ||
| 020 | _a | ||
| 040 | _cMagnum | ||
| 100 | _aAgencia Regional de Noticias | ||
| 240 | 1 | 0 |
_aClipping em educacao - 09/04/01 a 15/04/01 - ano ii - nº 82 _lpor |
| 245 | 1 | 0 | _aClipping em educacao - 09/04/01 a 15/04/01 - ano ii - nº 82 |
| 362 | 0 | _a1899 | |
| 697 | _aENSINO | ||
| 942 | _cBK | ||
| 999 |
_c170528 _d170528 |
||